000 00301nam a2200121Ia 4500
008 230524s9999 xx 000 0 und d
100 _a"S.N.Sivanandam, S.N.Deepa"
245 0 _aPrinciples of Soft Computing
260 _bJ.Wiley
500 _aQuantity Number: 80
650 _aComp-Sc
942 _cBK
999 _c50145
_d50145